| 000 | 00669nam a2200229 a 4500 | ||
|---|---|---|---|
| 001 | 000014987 | ||
| 005 | 20240514195118.0 | ||
| 008 | 100128s2008 dr 001 0 spa d | ||
| 020 | _a9789945130713 | ||
| 040 |
_aDO-SdBNP _bspa _cBNPHU |
||
| 082 |
_a291 _bS211p |
||
| 100 | 1 |
_aSánchez, Alexis _933928 |
|
| 245 | 1 | 3 |
_aEl planeta tierra y sus misterios / _cAlexis Sánchez. |
| 260 |
_aSanto Domingo : _bMediabyte, _c2008. |
||
| 300 |
_a404 p. ; _c21 cm. |
||
| 650 | 4 |
_aMisterios religiosos _933929 |
|
| 650 | 4 |
_aLo sobrenatural _912659 |
|
| 650 | 4 |
_aSuperstición _916062 |
|
| 650 | 0 |
_a Calidad de vida _985379 |
|
| 650 | 0 |
_aProblemas sociales _99290 |
|
| 049 | _aBNPD | ||
| 999 |
_c14560 _d14560 |
||